| 000 -ლიდერი |
| ფიქსირებული სიგრძის საკონტროლო ველი |
00884nam a22001697a 4500 |
| 003 - საკონტროლო ნომრის იდენტიფიკატორი |
| საკონტროლო ველი |
Ge_BSU |
| 005 - ბოლო ოპერაციის თარიღი და დრო |
| საკონტროლო ველი |
20251002151445.0 |
| 008 - ფიქსირებული სიგრძის მონაცემთა ელემენტები - ზოგადი ინფორმაცია |
| ფიქსირებული სიგრძის საკონტროლო ველი |
251002s1998 ge ||||| |||| 00| 0 geo d |
| 041 ## - ენის კოდი |
| Language code of text/sound track or separate title |
geo |
| 080 ## - უნივერსალური ათობითი კლასიფიკაციის ინდექსი |
| Universal Decimal Classification number |
349.412(479.22)(094.1) ც-80 |
| 245 ## - ცნობა სათაურის შესახებ |
| Title |
ცნობარი მიწის მესაკუთრეთათვის : |
| Remainder of title |
(საკანონმდ. აქტთა კრებული) / |
| Statement of responsibility, etc |
საქართველო აჭარის ავტონ. რესპ. მიწის მართვის სახ. დეპარტამენტი. |
| 264 ## - წარმოების, გამოცემის, დისტრიბუციის და სხვა ცნობები |
| გამოცემის, წარმოების, დისტრიბუციის... ადგილი |
[ბათუმი] : |
| გამოცემის, წარმოების, დისტრიბუციის... სახელწოდება |
მესხეთი, |
| გამოცემის, წარმოების, დისტრიბუციის... თარიღი |
1998. |
| 300 ## - ფიზიკური აღწერა |
| Extent |
150 გვ. ; |
| Other physical details |
16 სმ. |
| 653 ## - INDEX TERM--UNCONTROLLED |
| Uncontrolled term |
მიწის საკუთრება |
| 653 ## - INDEX TERM--UNCONTROLLED |
| Uncontrolled term |
საკანონმდებლო აქტების კრებულები |
| 942 ## - ADDED ENTRY ELEMENTS (KOHA) |
| Source of classification or shelving scheme |
|
| Koha item type |
წიგნი |